LEADER 01318nam a2200289 u 4500 001 000000071012 003 CaOOAMICUS 005 20070226122102.0 008 020520s1818 it u000 u lat u 035 $a10930370 040 $aPUL(R)$bita 100 0 $aGregorius PP.$bI,$cMagnus, s.,$dc. 540-604.$0(OLS)http://pul/name/1072 240 10$aRegula pastoralis$9(Gregorius PP. I, Magnus, s., c. 540-604).$0(OLS)http://pul/title/93534 245 10$aCura pastoralis sancti Gregorii papae. 260 $aBrixieae :$bApud Feranzoni,$c1818. 300 $axii, 358 p. ;$c16 cm 500 $a"Hortamur autem Clericos ut in lectione Pastoralis S. Gregorii, et S. Johannis Chrysostomi de Sacerdotio assiduae versentur". 504 $aNote bibliografiche. 850 $aPUL 852 $aPUL$W1$xDP1 Antico 800$y27$m527 D 10$j91879$nBK-PRI$b $qStampati Antico$B91879$CPULBib$Z2$F91879 $H $81 900 $aGregorio$bI,$cpapa,$dc. 540-604$91072 900 $aGregorius Magnus PP.$bI,$cs.,$dc. 540-604$91072 910 $aPapi (590-604 : Gregorius PP. I)$91072 910 $aPapi (590-604 : Gregorius PP. I)$91072 941 1 $a15 996 $6245$aCura pastoralis sancti Gregorii papae$9(OLS)http://pul/title/93535 996 $6260$aBrixieae :$bApud Feranzoni$9(OLS)http://pul/publisher/73346 LEADER 01288nam a2200277 a 4500 001 000000133263 003 CaOOAMICUS 005 20130325115105.0 008 130325s2012 it u000 u ita r 020 $a978-88-243-2188-4 040 $aPUL$bita 100 1 $aGagliardi, Barbara.$0(OLS)http://pul/name/85884 245 13$aLa libera circolazione dei cittadini europei e il pubblico concorso /$cBarbara Gagliardi. 260 $aNapoli :$bJovene,$c©2012. 300 $aVIII, 279 p. ;$c24 cm 490 1 $aUniversitą di Torino. Memorie del Dipartimento di Giurisprudenza. Serie VI, Memorie ;$v02 504 $aBbliografia in nota. 650 4$aCittadinanza$xDiritto.$0(OLS)http://pul/subject/34040 830 0$aMemorie del Dipartimento di giurisprudenza (Universitą di Torino).$nSerie VI ;$v02.$0(OLS)http://pul/title/168081 850 $aPUL 852 $aPUL$W1$xDP1 Cons. Gen., Altre Classi 1$y22$m1039 F 6.2$j178478$qStampati$B152710$CPULBib$Z2$F152710 $H122026 $82 941 1 $a8 996 $6020$a978-88-243-2188-4$9(OLS)http://pul/number/152209 996 $6245$aLa libera circolazione dei cittadini europei e il pubblico concorso$9(OLS)http://pul/title/168398 996 $6260$aNapoli :$bJovene$9(OLS)http://pul/publisher/47845